000 00648 a2200181 4500
003 Nust
005 20170207153219.0
040 _cNust
082 _a621.382
100 _aAbbasi, Sadaf (MSEE-11)
245 _aPerformance evaluation of pilot assisted channel estimation algorithms for OFDM
_cSadaf Abbasi
260 _aRawalpindi
_bMCS, NUST
_c2009
300 _axvi, 96, p.
505 _aOrthogonal frequency division multiple access (page-4) Pilot associated channel estimation in OFDM (page-14) Pilot insertion algorithms (page-23) Results and conclusion (page-89).
538 _aAlmirah No 69 Shelf No 2
650 _aMS Thesis
651 _aMSEE-11
942 _cTHS
999 _c181717
_d181717